000 01227nam a22002417a 4500
005 2010083008028.0
010 _aMAR-20225
020 _c175.00
_a9789380700045
035 _aMR-12882
037 _bDBAD / PUB
082 _a891.463
100 _aउदय प्रकाश
_918329
245 _aपिवळयाधम्मक छत्रीतली मुलगी /
_cउदय प्रकाश:गणेश विसपुते द्वारा अनुवादित
246 _aPivalayaa-dhammak Chhatritali Mulagi
_bby Uday Prakash
260 _aमुंबई
_bलोकवाड्मय गृह
_c2010
270 _aभूपेश गुप्ता भवन, 85 सयानी रोड,प्रभादेवी
_bमुंबई
_e400025
300 _a168पृ
_c22सेमी (अजिल्द)
650 _aमराठी कादंबरी
_918330
650 _aMarathi Fiction
_918331
700 _a विसपुते,गणेश
_917934
942 _2ddc
_cMR
_mउदय
_h891.463
999 _c43700
_d43700